| 000 | 00000nam 2200000zi 4500 |
| 001 | 9.922062 |
| 003 | CaOODSP |
| 005 | 20230523133136 |
| 006 | m o d f |
| 007 | cr |n||||||||| |
| 008 | 230428e19780629oncd o f000 0|eng d |
| 040 | |aCaOODSP|beng|erda|cCaOODSP |
| 043 | |an-cn--- |
| 086 | 1 |aC21-37/18-1978E-PDF |
| 245 | 00|aReport of the Consultative Task Force on Non-Ferrous Metals Industry. |
| 246 | 14|aReport by the Sector Task Force on the Canadian Non-Ferrous Metals Industry |
| 264 | 1|aOttawa : |bOffice of Information and Public Relations, Department of Industry, Trade and Commerce, |cJune 29, 1978. |
| 300 | |a1 online resource (18, 26 pages) : |bgraphs |
| 336 | |atext|btxt|2rdacontent |
| 337 | |acomputer|bc|2rdamedia |
| 338 | |aonline resource|bcr|2rdacarrier |
| 500 | |aDigitized edition from print [produced by Innovation, Science and Economic Development Canada]. |
| 500 | |aIssued also in French under title: Rapport du Groupe consultatif de l'industrie des métaux non ferreux. |
| 650 | 0|aNonferrous metal industries|zCanada. |
| 710 | 1 |aCanada. |bDepartment of Industry, Trade and Commerce, |eissuing body. |
| 775 | 08|tRapport du Groupe consultatif de l'industrie des métaux non ferreux.|w(CaOODSP)9.922064 |
| 856 | 40|qPDF|s8.46 MB|uhttps://publications.gc.ca/collections/collection_2023/isde-ised/c21/C21-37-18-1978-eng.pdf |